[Event "SN-2010-0-00254"]
[Site "LSS email"]
[Date "2010.06.22"]
[Round "?"]
[White "Cser, Andras"]
[Black "Mori, Roberto"]
[Result "0-1"]
[WhiteElo "659"]
[BlackElo "637"]
[PlyCount "40"]
[EventDate "2010.05.16"]
[EventType "tourn (corr)"]
[EventRounds "6"]
[EventCountry "GER"]
[SourceTitle "Telechess CBM 141"]
[Source "ChessBase"]
[SourceDate "2011.03.17"]
[SourceVersion "1"]
[SourceVersionDate "2011.03.17"]
[SourceQuality "1"]

1. e4 e5 2. Nf3 Nc6 3. Bc4 Bc5 4. c3 Nf6 5. d4 exd4 6. cxd4 Bb4+ 7. Nc3 Nxe4 8. 0-0 Nxc3 9. bxc3 Bxc3 10. Bxf7+ Kxf7 11. Bg5 Qe8 12. Qb3+ Qe6 13. Qxc3 Re8 14. Rfe1 Qd6 15. Rxe8 Kxe8 16. Re1+ Kf8 17. Re4 Qg6 18. Qc5+ d6 19. Qc2 Bf5 20. Rf4 Nxd4 0-1

[Event "SN-2010-0-00254"]
[Site "LSS email"]
[Date "2010.06.21"]
[Round "?"]
[White "Cser, Andras"]
[Black "Jaszczowski, Zdzislaw"]
[Result "0-1"]
[WhiteElo "657"]
[BlackElo "755"]
[PlyCount "32"]
[EventDate "2010.05.16"]
[EventType "tourn (corr)"]
[EventRounds "6"]
[EventCountry "GER"]
[SourceTitle "Corr 2015"]
[Source "ChessBase"]
[SourceDate "2015.07.17"]
[SourceVersion "1"]
[SourceVersionDate "2015.07.17"]
[SourceQuality "1"]

1. e4 e5 2. Nf3 Nc6 3. Bc4 Bc5 4. c3 Nf6 5. d4 exd4 6. cxd4 Bb4+ 7. Nc3 d6 8. d5 Ne5 9. Nxe5 dxe5 10. 0-0 Bg4 11. f3 Bd7 12. a3 Bc5+ 13. Kh1 0-0 14. Bg5 Be7 15. b4 Nh5 16. Bxe7 Qxe7 0-1

[Event "LSS SN-2010-0-00243"]
[Site "LSS email"]
[Date "2010.04.25"]
[Round "?"]
[White "Jaszczowski, Zdzislaw"]
[Black "Cser, Andras"]
[Result "1-0"]
[WhiteElo "755"]
[BlackElo "657"]
[PlyCount "57"]
[EventDate "2010.04.13"]
[EventType "tourn (corr)"]
[EventRounds "6"]
[EventCountry "GER"]
[SourceTitle "Telechess CBM 147"]
[Source "ChessBase"]
[SourceDate "2012.03.16"]
[SourceVersion "1"]
[SourceVersionDate "2012.03.16"]
[SourceQuality "1"]

1. d4 Nf6 2. e3 e6 3. c4 d5 4. c5 b6 5. Bb5+ Bd7 6. Bxd7+ Qxd7 7. cxb6 axb6 8. Nc3 Be7 9. Nf3 0-0 10. Ne5 Qe8 11. 0-0 Nbd7 12. f4 Nxe5 13. fxe5 Nd7 14. Nb5 Qc8 15. a4 c6 16. Nc3 c5 17. Nb5 c4 18. b3 cxb3 19. Qxb3 Qc4 20. Qd1 f6 21. exf6 Rxf6 22. Rxf6 Bxf6 23. Bd2 Nf8 24. Rc1 Qd3 25. Rc3 Qg6 26. Rc6 Rb8 27. Nc7 Rc8 28. Qc1 Be5 29. dxe5 1-0

[Event "LSS SN-2010-0-00243"]
[Site "LSS email"]
[Date "2010.04.25"]
[Round "?"]
[White "Jokmin, Alex"]
[Black "Cser, Andras"]
[Result "1-0"]
[WhiteElo "572"]
[BlackElo "657"]
[PlyCount "41"]
[EventDate "2010.04.13"]
[EventType "tourn (corr)"]
[EventRounds "6"]
[EventCountry "GER"]
[SourceTitle "Telechess CBM 147"]
[Source "ChessBase"]
[SourceDate "2012.03.16"]
[SourceVersion "1"]
[SourceVersionDate "2012.03.16"]
[SourceQuality "1"]

1. d4 Nf6 2. c4 e6 3. Nc3 Bb4 4. Nf3 0-0 5. Bg5 d5 6. cxd5 exd5 7. e3 Bg4 8. Be2 Qd6 9. 0-0 Nc6 10. Rc1 h6 11. Bh4 g5 12. Bg3 Qe7 13. Ne5 Bxe2 14. Qxe2 Bxc3 15. Rxc3 Rac8 16. Nxc6 bxc6 17. Rxc6 Ne4 18. Rxh6 Nxg3 19. fxg3 f6 20. Qh5 Qg7 21. Rg6 1-0

[Event "LSS No Engine Cup 15 Preliminary 2"]
[Site "LSS email"]
[Date "2010.01.24"]
[Round "?"]
[White "Cser, Andras"]
[Black "Ottenweller, Wolfgang"]
[Result "0-1"]
[WhiteElo "727"]
[BlackElo "1670"]
[PlyCount "38"]
[EventDate "2010.01.25"]
[EventType "tourn (corr)"]
[EventRounds "6"]
[EventCountry "GER"]
[SourceTitle "Corr 2013"]
[Source "ChessBase"]
[SourceDate "2012.11.12"]
[SourceVersion "1"]
[SourceVersionDate "2012.11.12"]
[SourceQuality "1"]

1. e4 c5 2. d4 cxd4 3. c3 dxc3 4. Nxc3 Nc6 5. Nf3 Nf6 6. Bc4 e6 7. 0-0 Bc5 8. e5 Ng4 9. a3 Ncxe5 10. Nxe5 Nxe5 11. Ba2 0-0 12. b4 Be7 13. Re1 Ng6 14. Bb2 d5 15. Ne2 a5 16. bxa5 Qxa5 17. Qb3 Bd7 18. Bc3 Qxa3 19. Qxa3 Rxa3 0-1

[Event "LSS RF-2009-0-00038"]
[Site "LSS email"]
[Date "2009.11.05"]
[Round "?"]
[White "Cser, Andras"]
[Black "Lanier, Jeff"]
[Result "0-1"]
[WhiteElo "760"]
[BlackElo "839"]
[PlyCount "60"]
[EventDate "2009.06.23"]
[EventType "tourn (corr)"]
[EventRounds "6"]
[EventCountry "GER"]
[SourceTitle "Telechess CBM 137"]
[Source "ChessBase"]
[SourceDate "2010.07.15"]
[SourceVersion "1"]
[SourceVersionDate "2010.07.15"]
[SourceQuality "1"]

1. e4 e5 2. Nf3 d6 3. d4 exd4 4. Nxd4 h6 5. Bb5+ Bd7 6. Bxd7+ Nxd7 7. Nc3 Be7 8. 0-0 Ngf6 9. Be3 0-0 10. Nf3 Ne5 11. Nxe5 dxe5 12. Qxd8 Rfxd8 13. Rfd1 Bb4 14. f3 Bxc3 15. bxc3 Nh5 16. g3 Nf6 17. Kf2 b6 18. Ke2 c5 19. Rd2 Rd7 20. Rad1 Rad8 21. Rxd7 Rxd7 22. Rxd7 Nxd7 23. c4 Nb8 24. a3 Nc6 25. c3 Kf8 26. f4 exf4 27. Bxf4 Ke7 28. Ke3 Kd7 29. Kd3 g5 30. Bd2 Ne5+ 0-1

[Event "LSS SN-2009-0-00197"]
[Site "LSS email"]
[Date "2009.11.01"]
[Round "?"]
[White "Cser, Andras"]
[Black "Mori, Roberto"]
[Result "1-0"]
[WhiteElo "713"]
[BlackElo "648"]
[PlyCount "95"]
[EventDate "2009.10.18"]
[EventType "tourn (corr)"]
[EventRounds "6"]
[EventCountry "GER"]
[SourceTitle "Telechess CBM 137"]
[Source "ChessBase"]
[SourceDate "2010.07.15"]
[SourceVersion "1"]
[SourceVersionDate "2010.07.15"]
[SourceQuality "1"]

1. e4 e5 2. Nf3 Nc6 3. Bc4 h6 4. d4 exd4 5. Nxd4 Bc5 6. Nxc6 bxc6 7. Qf3 Nf6 8. 0-0 0-0 9. Nc3 d6 10. Re1 a5 11. Qg3 Ng4 12. Re2 h5 13. h3 h4 14. Qf4 Ne5 15. Bd3 Nxd3 16. cxd3 Ba6 17. Rd2 Bb6 18. a4 Bc8 19. b3 Be6 20. Rb1 Bd4 21. Ne2 Be5 22. Qf3 c5 23. Nf4 Qg5 24. Nxe6 fxe6 25. Qg4 Bf4 26. Qxg5 Bxg5 27. Rc2 Bf6 28. Bf4 Bd4 29. Be3 Be5 30. Rbc1 Rab8 31. f4 Bf6 32. e5 Be7 33. exd6 cxd6 34. Rb2 Bd8 35. Kf2 e5 36. Kf3 Bg5 37. Kg4 Bh6 38. Rf1 g5 39. f5 Rb4+ 40. Kh5 Kh7 41. Bd2 Rg8 42. Bxb4 g4 43. Bxa5 Rg5+ 44. Kxh4 gxh3 45. gxh3 Rg8 46. Bc7 Bf8 47. Rff2 Be7+ 48. f6 1-0

[Event "LSS SN-2009-0-00196"]
[Site "LSS email"]
[Date "2009.10.30"]
[Round "?"]
[White "Cser, Andras"]
[Black "Allwardt, David Lawrence"]
[Result "1/2-1/2"]
[WhiteElo "713"]
[BlackElo "786"]
[PlyCount "54"]
[EventDate "2009.10.13"]
[EventType "tourn (corr)"]
[EventRounds "6"]
[EventCountry "GER"]
[SourceTitle "Telechess CBM 137"]
[Source "ChessBase"]
[SourceDate "2010.07.15"]
[SourceVersion "1"]
[SourceVersionDate "2010.07.15"]
[SourceQuality "1"]

1. e4 c5 2. d4 cxd4 3. c3 dxc3 4. Nxc3 d6 5. Nf3 a6 6. Bc4 e6 7. 0-0 Nf6 8. e5 dxe5 9. Qxd8+ Kxd8 10. Nxe5 Ke8 11. Bg5 Nfd7 12. Nxd7 Bxd7 13. Rfd1 Bb4 14. Ne4 h6 15. Bh4 Nc6 16. Nd6+ Bxd6 17. Rxd6 g5 18. Bg3 Ke7 19. Rad1 Rhd8 20. h3 f5 21. f4 Na5 22. Be2 Bb5 23. Rxd8 Rxd8 24. Rxd8 Kxd8 25. Bxb5 axb5 26. fxg5 hxg5 27. Be5 Ke7 1/2-1/2

[Event "LSS SN-2009-0-00196"]
[Site "LSS email"]
[Date "2009.10.29"]
[Round "?"]
[White "Vontina, Maria"]
[Black "Cser, Andras"]
[Result "1-0"]
[WhiteElo "656"]
[BlackElo "724"]
[PlyCount "65"]
[EventDate "2009.10.13"]
[EventType "tourn (corr)"]
[EventRounds "6"]
[EventCountry "GER"]
[SourceTitle "Telechess CBM 137"]
[Source "ChessBase"]
[SourceDate "2010.07.15"]
[SourceVersion "1"]
[SourceVersionDate "2010.07.15"]
[SourceQuality "1"]

1. e4 e5 2. Nf3 Nc6 3. Bb5 Nd4 4. Nxd4 exd4 5. d3 Bc5 6. 0-0 c6 7. Bc4 b5 8. Bb3 d5 9. Nd2 dxe4 10. Nxe4 Be7 11. Qf3 Nf6 12. Re1 0-0 13. Bg5 Be6 14. Bxe6 fxe6 15. Qg3 Nxe4 16. Bxe7 Qxe7 17. Rxe4 c5 18. Rae1 Rf6 19. Qg4 Re8 20. f3 Rg6 21. Qf4 Qf6 22. Qxf6 Rxf6 23. Kf2 Kf7 24. g3 Ke7 25. f4 Kd6 26. a3 g5 27. Kf3 gxf4 28. Rxf4 Rxf4+ 29. gxf4 a5 30. f5 Rf8 31. Rxe6+ Kd7 32. Kf4 Kc7 33. Re7+ 1-0

[Event "LSS SN-2009-0-00196"]
[Site "LSS email"]
[Date "2009.10.28"]
[Round "?"]
[White "Motz, Markus"]
[Black "Cser, Andras"]
[Result "1-0"]
[WhiteElo "1157"]
[BlackElo "657"]
[PlyCount "25"]
[EventDate "2009.10.13"]
[EventType "tourn (corr)"]
[EventRounds "6"]
[EventCountry "GER"]
[SourceTitle "Corr 2015"]
[Source "ChessBase"]
[SourceDate "2015.07.17"]
[SourceVersion "1"]
[SourceVersionDate "2015.07.17"]
[SourceQuality "1"]

1. d4 Nf6 2. c4 e6 3. Nf3 Bb4+ 4. Nbd2 Bxd2+ 5. Bxd2 0-0 6. Bg5 h6 7. Bh4 d5 8. e3 dxc4 9. Bxc4 g5 10. Bg3 Ne4 11. Bd3 Nxg3 12. hxg3 Nc6 13. Rxh6 1-0

[Event "LSS SN-2009-0-00195"]
[Site "LSS email"]
[Date "2009.10.27"]
[Round "?"]
[White "Cser, Andras"]
[Black "Brey Rodrigo, Gonzalo"]
[Result "0-1"]
[WhiteElo "711"]
[BlackElo "1009"]
[PlyCount "68"]
[EventDate "2009.10.13"]
[EventType "tourn (corr)"]
[EventRounds "6"]
[EventCountry "GER"]
[SourceTitle "Telechess CBM 137"]
[Source "ChessBase"]
[SourceDate "2010.07.15"]
[SourceVersion "1"]
[SourceVersionDate "2010.07.15"]
[SourceQuality "1"]

1. e4 e5 2. Nf3 Nf6 3. Nxe5 d6 4. Nxf7 Kxf7 5. Bc4+ Ke8 6. Nc3 Be7 7. d3 Nbd7 8. Be3 Nb6 9. Bb3 Bg4 10. f3 Bh5 11. g4 Bf7 12. Bxf7+ Kxf7 13. Qe2 Rf8 14. 0-0-0 Kg8 15. h4 Qd7 16. g5 Nh5 17. Rdg1 Na4 18. Nxa4 Qxa4 19. Kb1 Nf4 20. Bxf4 Rxf4 21. h5 Raf8 22. Rh3 Qd4 23. Rg2 g6 24. hxg6 hxg6 25. c3 Qe5 26. d4 Qa5 27. Qf2 Rxe4 28. Rgh2 Qxg5 29. Rh8+ Kf7 30. fxe4+ Bf6 31. Rxf8+ Kxf8 32. Rh7 c5 33. dxc5 dxc5 34. Qxc5+ Qxc5 0-1

[Event "LSS RN-2009-0-00236"]
[Site "LSS email"]
[Date "2009.10.27"]
[Round "?"]
[White "Cser, Andras"]
[Black "Hughes, Chris"]
[Result "0-1"]
[WhiteElo "760"]
[BlackElo "701"]
[PlyCount "74"]
[EventDate "2009.10.02"]
[EventType "tourn (corr)"]
[EventRounds "6"]
[EventCountry "GER"]
[SourceTitle "Telechess CBM 137"]
[Source "ChessBase"]
[SourceDate "2010.07.15"]
[SourceVersion "1"]
[SourceVersionDate "2010.07.15"]
[SourceQuality "1"]

1. e4 e6 2. d4 d5 3. e5 c5 4. c3 Nc6 5. Nf3 Bd7 6. Be2 Nge7 7. a3 cxd4 8. cxd4 Nf5 9. 0-0 Be7 10. Nc3 Rc8 11. Bd2 0-0 12. Bf4 f6 13. exf6 Bxf6 14. Be5 Qb6 15. Na4 Qa5 16. Bxf6 gxf6 17. b4 Qc7 18. Nc5 Rf7 19. Nxd7 Rxd7 20. Rc1 a6 21. Qb3 Qd8 22. b5 Ncxd4 23. Nxd4 Nxd4 24. Qg3+ Rg7 25. Rxc8 Qxc8 26. Qe3 Nxb5 27. Rc1 Rc7 28. Rxc7 Nxc7 29. h3 Kf7 30. Bh5+ Kg7 31. Qg3+ Kh8 32. Kh2 e5 33. Qh4 Qe6 34. Qb4 Qg8 35. Qe7 Qg7 36. Qd8+ Qg8 37. Bf7 Qxd8 0-1

[Event "LSS SN-2009-0-00195"]
[Site "LSS email"]
[Date "2009.10.27"]
[Round "?"]
[White "Cser, Andras"]
[Black "Willoughby, Peter"]
[Result "1-0"]
[WhiteElo "830"]
[BlackElo "737"]
[PlyCount "41"]
[EventDate "2009.10.13"]
[EventType "tourn (corr)"]
[EventRounds "6"]
[EventCountry "GER"]
[SourceTitle "Telechess CBM 137"]
[Source "ChessBase"]
[SourceDate "2010.07.15"]
[SourceVersion "1"]
[SourceVersionDate "2010.07.15"]
[SourceQuality "1"]

1. e4 g6 2. d4 Bg7 3. d5 c5 4. c4 b5 5. cxb5 a6 6. bxa6 Bxa6 7. Nd2 Qa5 8. Bxa6 Qxa6 9. Qe2 d6 10. Qxa6 Nxa6 11. a3 Nf6 12. f3 0-0 13. Nc4 Rad8 14. Ne2 e5 15. dxe6 fxe6 16. Bg5 d5 17. exd5 exd5 18. Ne5 Rde8 19. Bxf6 Bxf6 20. Nd7 Rf7 21. Nxf6+ 1-0

[Event "LSS SN-2009-0-00195"]
[Site "LSS email"]
[Date "2009.10.25"]
[Round "?"]
[White "Garcia, Sergio"]
[Black "Cser, Andras"]
[Result "1/2-1/2"]
[WhiteElo "589"]
[BlackElo "751"]
[PlyCount "56"]
[EventDate "2009.10.13"]
[EventType "tourn (corr)"]
[EventRounds "6"]
[EventCountry "GER"]
[SourceTitle "Telechess CBM 137"]
[Source "ChessBase"]
[SourceDate "2010.07.15"]
[SourceVersion "1"]
[SourceVersionDate "2010.07.15"]
[SourceQuality "1"]

1. e4 e5 2. Nf3 Nc6 3. d4 exd4 4. Bc4 Qe7 5. c3 Qxe4+ 6. Qe2 Qxe2+ 7. Kxe2 dxc3 8. Nxc3 Nf6 9. Re1 Be7 10. Kf1 0-0 11. Bf4 d6 12. Bd5 Nxd5 13. Nxd5 Bd8 14. a3 Be6 15. Rad1 Bg4 16. h3 Bxf3 17. gxf3 Rc8 18. b4 Bh4 19. Bg3 Bxg3 20. fxg3 Ne5 21. Ne7+ Kh8 22. Nxc8 Rxc8 23. f4 Nc4 24. Re7 Kg8 25. Rde1 Kf8 26. Rd7 Nb6 27. Rde7 Nd5 28. Rd7 Nb6 1/2-1/2

[Event "LSS SN-2009-0-00194"]
[Site "LSS email"]
[Date "2009.10.24"]
[Round "?"]
[White "Cser, Andras"]
[Black "Bester, Kazimierz"]
[Result "1-0"]
[WhiteElo "772"]
[BlackElo "652"]
[PlyCount "35"]
[EventDate "2009.10.08"]
[EventType "tourn (corr)"]
[EventRounds "6"]
[EventCountry "GER"]
[SourceTitle "Telechess CBM 137"]
[Source "ChessBase"]
[SourceDate "2010.07.15"]
[SourceVersion "1"]
[SourceVersionDate "2010.07.15"]
[SourceQuality "1"]

1. e4 c5 2. d4 cxd4 3. c3 dxc3 4. Nxc3 Nc6 5. Nf3 e5 6. Bc4 a6 7. 0-0 Nf6 8. Bg5 d6 9. Qe2 Bg4 10. Nd5 Nd4 11. Qd3 Nxf3+ 12. gxf3 Bh5 13. Rac1 Rc8 14. Rc3 Bg6 15. Bxf6 gxf6 16. Bb5+ axb5 17. Qxb5+ Qd7 18. Rxc8# 1-0

[Event "LSS SN-2009-0-00194"]
[Site "LSS email"]
[Date "2009.10.24"]
[Round "?"]
[White "Motz, Markus"]
[Black "Cser, Andras"]
[Result "1-0"]
[WhiteElo "1063"]
[BlackElo "715"]
[PlyCount "69"]
[EventDate "2009.10.08"]
[EventType "tourn (corr)"]
[EventRounds "6"]
[EventCountry "GER"]
[SourceTitle "Telechess CBM 137"]
[Source "ChessBase"]
[SourceDate "2010.07.15"]
[SourceVersion "1"]
[SourceVersionDate "2010.07.15"]
[SourceQuality "1"]

1. d4 Nf6 2. Nf3 e6 3. c4 Bb4+ 4. Nbd2 0-0 5. a3 Bxd2+ 6. Nxd2 d5 7. e3 dxc4 8. Bxc4 c6 9. 0-0 b5 10. Be2 Re8 11. Qc2 Bb7 12. a4 bxa4 13. Rxa4 Nbd7 14. Nb3 e5 15. Rd1 exd4 16. Raxd4 Qc7 17. f3 Rad8 18. e4 Ne5 19. Rxd8 Rxd8 20. Rxd8+ Qxd8 21. Be3 a6 22. Nc5 Bc8 23. Qc3 Ng6 24. Nxa6 Bxa6 25. Bxa6 Qd1+ 26. Bf1 Ne7 27. Qd2 Qxd2 28. Bxd2 Nc8 29. Bc3 Kf8 30. Ba6 Nb6 31. Bd4 Nbd7 32. b4 Ke8 33. Kf2 Nb8 34. Bb7 Kd7 35. Be5 1-0

[Event "LSS SN-2009-0-00194"]
[Site "LSS email"]
[Date "2009.10.24"]
[Round "?"]
[White "Ragnoli, Emanuele"]
[Black "Cser, Andras"]
[Result "1-0"]
[WhiteElo "793"]
[BlackElo "703"]
[PlyCount "51"]
[EventDate "2009.10.08"]
[EventType "tourn (corr)"]
[EventRounds "6"]
[EventCountry "GER"]
[SourceTitle "Telechess CBM 137"]
[Source "ChessBase"]
[SourceDate "2010.07.15"]
[SourceVersion "1"]
[SourceVersionDate "2010.07.15"]
[SourceQuality "1"]

1. e4 e5 2. d4 exd4 3. Qxd4 Nc6 4. Qe3 Nf6 5. Nc3 Bb4 6. Nf3 0-0 7. Bc4 Bxc3+ 8. bxc3 d6 9. 0-0 Ne5 10. Nxe5 dxe5 11. Qf3 Bg4 12. Qg3 Qd6 13. Bg5 Bd7 14. Rad1 Nxe4 15. Qe3 Qg6 16. Rxd7 Nxg5 17. h4 Ne4 18. Rxc7 b6 19. Bd3 f5 20. Bxe4 fxe4 21. Re1 Qf6 22. Qg3 g6 23. Rxe4 Rfe8 24. h5 a6 25. hxg6 Qxg6 26. Rg4 1-0

[Event "LSS SN-2009-0-00184"]
[Site "LSS email"]
[Date "2009.09.14"]
[Round "?"]
[White "Allwardt, David Lawrence"]
[Black "Cser, Andras"]
[Result "1-0"]
[WhiteElo "888"]
[BlackElo "772"]
[PlyCount "35"]
[EventDate "2009.09.04"]
[EventType "tourn (corr)"]
[EventRounds "6"]
[EventCountry "GER"]
[SourceTitle "Corr 2011"]
[Source "ChessBase"]
[SourceDate "2010.08.31"]
[SourceVersion "1"]
[SourceVersionDate "2010.08.31"]
[SourceQuality "1"]

1. g3 e5 2. Bg2 d5 3. Nf3 Nc6 4. d3 e4 5. dxe4 dxe4 6. Qxd8+ Nxd8 7. Nd4 Nf6 8. 0-0 Bc5 9. Be3 0-0 10. Nd2 Re8 11. c3 Bg4 12. f3 exf3 13. exf3 Rxe3 14. fxg4 Rd3 15. N2b3 Bb6 16. g5 Ng4 17. Rae1 Ne3 18. Rf3 1-0

[Event "LSS RN-2009-0-00228"]
[Site "LSS email"]
[Date "2009.09.14"]
[Round "?"]
[White "Cser, Andras"]
[Black "Manheimer, Gunter"]
[Result "0-1"]
[WhiteElo "772"]
[BlackElo "800"]
[PlyCount "38"]
[EventDate "2009.08.10"]
[EventType "tourn (corr)"]
[EventRounds "6"]
[EventCountry "GER"]
[SourceTitle "Corr 2011"]
[Source "ChessBase"]
[SourceDate "2010.08.31"]
[SourceVersion "1"]
[SourceVersionDate "2010.08.31"]
[SourceQuality "1"]

1. e4 e5 2. Nf3 Nc6 3. Bc4 Nf6 4. Ng5 d5 5. exd5 Na5 6. Bb5+ c6 7. dxc6 bxc6 8. Qf3 Be7 9. Bxc6+ Nxc6 10. Qxc6+ Bd7 11. Qc4 0-0 12. 0-0 Rc8 13. Qd3 h6 14. Ne4 Nh5 15. Nbc3 Nf4 16. Qe3 f5 17. Ng3 Nxg2 18. Kxg2 f4 19. Qe4 Bc6 0-1

[Event "LSS SN-2009-0-00184"]
[Site "LSS email"]
[Date "2009.09.14"]
[Round "?"]
[White "Cser, Andras"]
[Black "Molina, Vicente Andres"]
[Result "0-1"]
[WhiteElo "703"]
[BlackElo "682"]
[PlyCount "86"]
[EventDate "2009.09.04"]
[EventType "tourn (corr)"]
[EventRounds "6"]
[EventCountry "GER"]
[SourceTitle "Telechess CBM 137"]
[Source "ChessBase"]
[SourceDate "2010.07.15"]
[SourceVersion "1"]
[SourceVersionDate "2010.07.15"]
[SourceQuality "1"]

1. e4 c5 2. d4 cxd4 3. c3 Nf6 4. Qxd4 Nc6 5. Qe3 e5 6. Nf3 d5 7. exd5 Nxd5 8. Qd2 Be6 9. Bb5 Bc5 10. 0-0 0-0 11. Bxc6 bxc6 12. Re1 f6 13. b4 Bb6 14. Ba3 Rf7 15. Bb2 Qc7 16. a4 a5 17. bxa5 Bxa5 18. Qc2 Rb8 19. Nbd2 Rxb2 20. Qxb2 Bxc3 21. Qc2 Bxa1 22. Rxa1 Nb4 23. Qe4 Na6 24. Rc1 Nb8 25. h3 Qd6 26. a5 Bd5 27. Nc4 Qc7 28. Qd3 Bxc4 29. Qxc4 Qxa5 30. Rb1 Qa7 31. Qb4 Na6 32. Qb6 c5 33. Qxa7 Rxa7 34. Rb6 Nb4 35. Nh4 Kf7 36. Nf5 Kg6 37. g4 Kg5 38. Ne3 Nd3 39. h4+ Kg6 40. Nf5 h5 41. Ne3 hxg4 42. Nxg4 Ra1+ 43. Kg2 c4 0-1

[Event "LSS RN-2009-0-00228"]
[Site "LSS email"]
[Date "2009.09.14"]
[Round "?"]
[White "Pehl, Ferenc"]
[Black "Cser, Andras"]
[Result "0-1"]
[WhiteElo "829"]
[BlackElo "772"]
[PlyCount "74"]
[EventDate "2009.08.10"]
[EventType "tourn (corr)"]
[EventRounds "6"]
[EventCountry "GER"]
[SourceTitle "Corr 2011"]
[Source "ChessBase"]
[SourceDate "2010.08.31"]
[SourceVersion "1"]
[SourceVersionDate "2010.08.31"]
[SourceQuality "1"]

1. e4 e5 2. Nf3 Nc6 3. Bb5 Nd4 4. Nxd4 exd4 5. 0-0 Bc5 6. d3 c6 7. Ba4 b5 8. Bb3 d6 9. Qf3 Be6 10. Bxe6 fxe6 11. Nd2 Nf6 12. Nb3 Bb6 13. Bg5 h6 14. Bxf6 Qxf6 15. Qxf6 gxf6 16. g3 0-0-0 17. h4 d5 18. exd5 Rxd5 19. Rae1 Re8 20. Kg2 a5 21. Nd2 f5 22. Nf3 Bc7 23. Re2 f4 24. g4 Kd7 25. Rfe1 Rc5 26. Nxd4 e5 27. Nf5 h5 28. g5 Rf8 29. g6 f3+ 30. Kxf3 Rxf5+ 31. Kg2 Ke6 32. d4 Rd5 33. dxe5 Rdxe5 34. g7 Kf7 35. Rxe5 Rxe5 36. Rd1 Rd5 37. Re1 Be5 0-1

[Event "LSS SN-2009-0-00184"]
[Site "LSS email"]
[Date "2009.09.13"]
[Round "?"]
[White "McGuire, Paul"]
[Black "Cser, Andras"]
[Result "0-1"]
[WhiteElo "501"]
[BlackElo "704"]
[PlyCount "46"]
[EventDate "2009.09.04"]
[EventType "tourn (corr)"]
[EventRounds "6"]
[EventCountry "GER"]
[SourceTitle "Corr 2013"]
[Source "ChessBase"]
[SourceDate "2012.11.12"]
[SourceVersion "1"]
[SourceVersionDate "2012.11.12"]
[SourceQuality "1"]
[WhiteTeam "US of America"]
[BlackTeam "US of America"]
[WhiteTeamCountry "USA"]
[BlackTeamCountry "USA"]

1. d4 Nf6 2. c4 e6 3. Nc3 Bb4 4. e3 0-0 5. Bd3 Bxc3+ 6. bxc3 d5 7. cxd5 exd5 8. Nf3 Bg4 9. 0-0 Ne4 10. Bb2 Nd7 11. h3 Bxf3 12. gxf3 Nef6 13. f4 Ne4 14. Bxe4 dxe4 15. Qg4 Nf6 16. Qg3 g6 17. c4 b6 18. d5 Kh8 19. Bxf6+ Qxf6 20. a4 Rg8 21. a5 h5 22. axb6 axb6 23. Rxa8 Rxa8 0-1

[Event "LSS No Engine Cup Gr06 prel 06 email"]
[Site "LSS email"]
[Date "2009.09.07"]
[Round "?"]
[White "Cser, Andras"]
[Black "Kerecsenyi, Zoltan"]
[Result "0-1"]
[WhiteElo "772"]
[BlackElo "1313"]
[PlyCount "52"]
[EventDate "2009.09.08"]
[EventType "tourn (corr)"]
[EventRounds "6"]
[EventCountry "GER"]
[SourceTitle "Telechess CBM 135"]
[Source "ChessBase"]
[SourceDate "2010.03.17"]
[SourceVersion "1"]
[SourceVersionDate "2010.03.17"]
[SourceQuality "1"]

1. e4 d6 2. d4 g6 3. Nc3 Bg7 4. Nf3 Nf6 5. Bg5 0-0 6. Bc4 Bg4 7. e5 Ne8 8. h3 Bxf3 9. Qxf3 c6 10. 0-0-0 d5 11. Bd3 Nc7 12. h4 Ne6 13. Qe3 Nd7 14. a3 Re8 15. h5 Nxg5 16. Qxg5 f6 17. exf6 exf6 18. Qh4 f5 19. Qg3 Qf6 20. hxg6 hxg6 21. Rh4 Kf7 22. Ne2 c5 23. dxc5 Rac8 24. b4 Ne5 25. Ng1 Nxd3+ 26. cxd3 Qb2# 0-1

[Event "LSS No Engine Cup 06 Preliminary 6"]
[Site "LSS email"]
[Date "2009.09.07"]
[Round "?"]
[White "Cser, Andras"]
[Black "Kurowski, Andrzej"]
[Result "0-1"]
[WhiteElo "657"]
[BlackElo "2079"]
[PlyCount "30"]
[EventDate "2009.09.08"]
[EventType "tourn (corr)"]
[EventRounds "6"]
[EventCountry "GER"]
[SourceTitle "Corr 2015"]
[Source "ChessBase"]
[SourceDate "2015.07.17"]
[SourceVersion "1"]
[SourceVersionDate "2015.07.17"]
[SourceQuality "1"]

1. e4 e6 2. d4 d5 3. e5 c5 4. c3 Nc6 5. Nf3 Bd7 6. Bb5 Nxe5 7. Nxe5 Bxb5 8. Qf3 Nf6 9. Bg5 Qc7 10. Bxf6 gxf6 11. Qxf6 Rg8 12. Nd2 cxd4 13. cxd4 Rc8 14. Rd1 Rxg2 15. Qf3 Rg5 0-1

[Event "LSS RN-2009-0-00227"]
[Site "LSS email"]
[Date "2009.09.02"]
[Round "?"]
[White "Allwardt, David Lawrence"]
[Black "Cser, Andras"]
[Result "0-1"]
[WhiteElo "888"]
[BlackElo "772"]
[PlyCount "60"]
[EventDate "2009.08.07"]
[EventType "tourn (corr)"]
[EventRounds "6"]
[EventCountry "GER"]
[SourceTitle "Corr 2011"]
[Source "ChessBase"]
[SourceDate "2010.08.31"]
[SourceVersion "1"]
[SourceVersionDate "2010.08.31"]
[SourceQuality "1"]

1. Nf3 Nc6 2. g3 e5 3. Bg2 Nf6 4. 0-0 Bc5 5. d3 0-0 6. e4 d5 7. exd5 Nxd5 8. Re1 Bg4 9. h3 Bxf3 10. Bxf3 f5 11. c4 Nde7 12. Nc3 Rb8 13. Be3 Bxe3 14. fxe3 f4 15. exf4 exf4 16. Bd5+ Nxd5 17. cxd5 Ne7 18. Qf3 fxg3 19. Qxg3 Nxd5 20. Rf1 Nxc3 21. bxc3 Qd6 22. Qxd6 cxd6 23. Kg2 Rbc8 24. c4 Rxf1 25. Rxf1 Rf8 26. Rb1 b6 27. a4 Rf5 28. Rb5 Rxb5 29. cxb5 Kf7 30. Kf3 d5 0-1